A1 TOEFL IBT Speaking
Giới thiệu chi tiết từng phần của bài thi Toefl, bài tập thực hành có đáp án và giải thích đầy đủ, dùng kèm CD
Guardat en:
| Autor principal: | |
|---|---|
| Format: | Llibre |
| Idioma: | Undetermined |
| Publicat: |
Tp.Hồ Chí Minh
Trẻ;Kelt
2010
|
| Matèries: | |
| Accés en línia: | http://lrc.tdmu.edu.vn/opac/search/detail.asp?aID=2&ID=7907 |
| Etiquetes: |
Afegir etiqueta
Sense etiquetes, Sigues el primer a etiquetar aquest registre!
|
| Thư viện lưu trữ: | Trung tâm Học liệu Trường Đại học Thủ Dầu Một |
|---|
| LEADER | 00794nam a2200217Ia 4500 | ||
|---|---|---|---|
| 001 | TDMU_7907 | ||
| 008 | 210410s9999 xx 000 0 und d | ||
| 082 | |a 428.3 | ||
| 090 | |b L311 | ||
| 100 | |a Linguaforum | ||
| 245 | 0 | |a A1 TOEFL IBT | |
| 245 | 0 | |b Speaking | |
| 245 | 0 | |c Linguaforum | |
| 260 | |a Tp.Hồ Chí Minh | ||
| 260 | |b Trẻ;Kelt | ||
| 260 | |c 2010 | ||
| 300 | |a 387tr | ||
| 520 | |a Giới thiệu chi tiết từng phần của bài thi Toefl, bài tập thực hành có đáp án và giải thích đầy đủ, dùng kèm CD | ||
| 650 | |a Tiếng Anh |x Kỹ năng nói |v Sách luyện thi; TOEFL | ||
| 856 | |u http://lrc.tdmu.edu.vn/opac/search/detail.asp?aID=2&ID=7907 | ||
| 980 | |a Trung tâm Học liệu Trường Đại học Thủ Dầu Một | ||